Statistics for Greatest Player from Each Team All-time

Click here to take the quiz!

General Stats

  • This quiz has been taken 11 times
  • The average score is 25 of 31

Answer Stats

TeamAnswer% Correct
KnicksEwing
100%
CavaliersJames
100%
BullsJordan
100%
JazzMalone
100%
ClippersPaul
100%
CelticsRussell
100%
HeatWade
100%
LakersBryant
88%
RaptorsCarter
88%
WarriorsCurry
88%
SpursDuncan
88%
ThunderDurant
88%
TimberwolvesGarnett
88%
76ersIverson
88%
NetsKidd
88%
PistonsThomas
88%
PelicansDavis
75%
GrizzliesGasol
75%
PacersMiller
75%
SunsNash
75%
HawksWilkins
75%
MavericksDirk
63%
TrailblazersDrexler
63%
NuggetsEnglish
63%
RocketsHakeem
63%
SupersonicsPayton
63%
KingsRobertson
63%
WizardsUnseld
63%
BucksKareem
50%
HornetsMourning
50%
MagicShaq
50%

Score Distribution

Percentile by Number Answered

Percent of People with Each Score

Your Score History

You have not taken this quiz